Mujeres (Record no. 182271)

MARC details
000 -LEADER
campo de control de longitud fija 00529nam a2200169 i 4500
001 - NÚMERO DE CONTROL
campo de control 182271
003 - IDENTIFICADOR DE NÚMERO DE CONTROL
campo de control ES-MaACL
005 - FECHA Y HORA DE LA ÚLTIMA TRANSACCIÓN
campo de control 20250807213025.0
008 - DATOS DE LONGITUD FIJA--INFORMACIÓN GENERAL
campo de control de longitud fija 130730s1993 sp |||| | spa d
245 00 - MENCIÓN DEL TÍTULO
Título Mujeres
Resto del título : Ayuntamiento.
260 ## - PUBLICACIÓN, DISTRIBUCIÓN, ETC.
Lugar de publicación, distribución, etc. [Madrid] :
Nombre del editor, distribuidor, etc. Centro de Estudios de la Mujer,
Fecha de publicación, distribución, etc. [1993?]
300 ## - DESCRIPCIÓN FÍSICA
Extensión 56 p. ;
Dimensiones 21 cm.
650 #7 - PUNTO DE ACCESO ADICIONAL DE MATERIA--TÉRMINO DE MATERIA
Término de materia o nombre geográfico como elemento de entrada Mujeres-
Subdivisión geográfica Madrid-
Subdivisión general Situación social
Fuente del encabezamiento o término
9 (RLIN) 150754
710 2# - ENTRADA AGREGADA--NOMBRE DE ENTIDAD CORPORATIVA
Nombre de entidad corporativa o nombre de jurisdicción como elemento de entrada Centro de Estudios de la Mujer (Madrid)
9 (RLIN) 153111
852 ## - LOCALIZACIÓN
Ubicación ES-MaACL
Número de control de estantería 2316-F-19
Holdings
Estatus retirado Estado de pérdida Estado de daño No para préstamo Colección Biblioteca de origen Biblioteca actual Ubicación en estantería Fecha de adquisición Fuente de adquisición Total de préstamos Signatura topográfica completa Código de barras Visto por última vez Precio de reemplazo Tipo de ítem Koha
        Colección de folletos Biblioteca del Ateneo de Madrid Biblioteca del Ateneo de Madrid Depósito folletos 30/07/2013     2316-F-19 1191547 23/02/2023 23/02/2023 Folleto